1521 1400 1781 1035 1373 1017 1697 1170 1089 1732 1771 1118 1825 1869 1174 1153 1265 1665 1311 1010 1795 1058 1652 1148 1503 1355 1299 1130 1112 1368 1113 1982 1074 1425 1348 1070 1463 1633 1358 1855 1661 1134 1684 1084 1264 1082 1974 1757 1712 1434 1617 1202 1633 1194 1617 1852 1259 1238 1251 1740 1775 1894 1888 1797 1833 1659 1735 1530 1696 1359 1773 1590 1197 1976 1150 1965 1539 1674 1508 1024 1702 1790 1544 1805 1043 1552 1374 1849 1971 1020 1541 1046 1842 1505 1191 1690 1213 1330 1800 BCNSPRNW ULIB Ver.6.0+V

เปลี่ยนเป็นภาษาไทย

Change to English
 แสดงรายละเอียดบรรณานุกรม
  กลับหน้าหลัก

Brief Record : Get Marc (ISO 2709) : E-mail record : QR code < ปิดหน้าต่าง
LEADER : 00000nam 2200000uu 4500
001    13399112086
003     ULIB
008    110425s2542||||th 000 0 tha d
050  4 H62.5^bป351ร 2542
100 0  ประพิณ วัฒนกิจ
245 10 ระเบียบวิธีวิจัย : วิจัยสังคมศาสตร์ /^cประพิณ วัฒนกิจ
260    กรุงเทพฯ :^bกองงานพยาบาล กระทรวงสาธารณสุข,^c2542
300    165 หน้า :^bแผนภูมิ , ตาราง
650  7 กระบวนการวิจัย
650  7 การกำหนดขนาดกลุ่มตัวอย่าง
650  7 การวิจัยเชิงปฏิบัติการแบบมีส่วนร่วม
650  7 การวิจัยสาธารณสุข
995    ทศพร
999 ^a ใช้งานได้ทุกระบบ
รายการนี้ยังไม่มีแท็ก
คุณยังไม่ได้ล็อกอิน คุณสามารถมีกิจกรรมร่วมกับเว็บไซต์ได้ แต่ต้องล็อกอินก่อน ::
  ล็อกอิน

รายการสื่อสารสนเทศ

ลำดับที่ ประเภท เลขเรียก/บาร์โค้ด สถานที่ สถานะ
- ไม่พบข้อมูล -

รายการใกล้เคียง
    ผู้แต่ง [ประพิณ วัฒนกิจ]

    หัวเรื่อง [กระบวนการวิจัย]

BibComment


ยังไม่เคยถูกคอมเมนท์

คอมเมนท์ทรัพยากรรายการนี้
  คอมเมนท์: ระเบียบวิธีวิจัย ..


 Copyright 2026. Bcnsprnw @Library